000 00474nmm a2200169Ia 4500
008 251105s9999||||xx |||||||||||||||||und||
020 _a9791222097275
041 _aeng
100 _aDe Liguori, Saint Alphonse Marie
245 0 _aOf The Dolours Of Mary
264 _a[Quito, Ecuador] :
_bCervantes Digital,
_c2023
300 _a49 páginas
490 _aReligiosos
650 _aReligion(s)
856 _uhttps://public.digitaliapublishing.com/a/127170
942 _cCF
999 _c98135
_d98135